Click Quiz: Quote to Movie Title #1 - Statistics

General Stats
  • This quiz has been taken 180 times
  • The average score is 11 of 15
Answer Stats
Hint Answer % Correct
"Houston, we have a problem" Apollo 13
96%
"I see dead people" The Sixth Sense
93%
"I'm gonna make him an offer he can't refuse" The Godfather
90%
"There's no place like home" The Wizard of Oz
86%
"They may take our lives, but they'll never take our freedom" Braveheart
84%
"I feel the need...the need for speed" Top Gun
83%
"I'll have what she's having" When Harry Met Sally...
81%
"It was beauty killed the beast" King Kong
73%
"Of all the gin joints in all the towns in all the world, she walks into mine" Casablanca
71%
"They call it a Royale with cheese" Pulp Fiction
69%
"If you build it, he will come" Field of Dreams
68%
"I wish I knew how to quit you" Brokeback Mountain
66%
"Mrs. Robinson, you're trying to seduce me. Aren't you?" The Graduate
66%
"You had me at 'hello'" Jerry Maguire
58%
"I have always depended on the kindness of strangers" A Streetcar Named Desire
51%
No matching quizzes found
Score Distribution
Percent of People with Each Score
Percentile by Number Answered
Your Score History
You have not taken this quiz